| 000 | 00420nam a2200145Ia 4500 | ||
|---|---|---|---|
| 003 | OSt | ||
| 005 | 20260226115144.0 | ||
| 008 | 211028s2018 xx 000 0 und d | ||
| 040 | _cAIMIT LIBRARY | ||
| 041 | _aeng | ||
| 100 |
_aRakshita, K;Achar, Sumitha. _g1716149 _98126 |
||
| 245 | _aStudy on performance appraisal system at Mandovi Motors Private Ltd / | ||
| 260 |
_aMangalore _bSwapna Rose _c2018 |
||
| 942 |
_2ddc _cPRO |
||
| 999 |
_c219694 _d219694 |
||